SCEA Sun certified enterprise architect for Java EE study guide (exam 310-051) / (Record no. 71657)

MARC details
000 -LEADER
fixed length control field 02055nam a22003737a 4500
005 - DATE AND TIME OF LATEST TRANSACTION
control field 20121127101424.0
008 - FIXED-LENGTH DATA ELEMENTS--GENERAL INFORMATION
fixed length control field 121127t xxu||||| |||| 00| 0 eng d
010 ## - LCCN (DPL NO)
LC control number ENG-106224
020 ## - INTERNATIONAL STANDARD BOOK NUMBER
International Standard Book Number 9781259029028
Terms of availability 595.00
020 ## - INTERNATIONAL STANDARD BOOK NUMBER
International Standard Book Number 1259029026
Terms of availability 595.00
035 ## - SYSTEM CONTROL NUMBER
System control number EN-89757
037 ## - SOURCE OF ACQUISITION
Source of stock number/acquisition DBAD/PUB
040 ## - CATALOGING SOURCE
Original cataloging agency DPL
Language of cataloging Eng
082 ## - DEWEY DECIMAL CLASSIFICATION NUMBER
Classification number 005.133
100 1# - MAIN ENTRY--PERSONAL NAME
Personal name Allen, Paul R.
9 (RLIN) 53840
245 10 - TITLE STATEMENT
Title SCEA Sun certified enterprise architect for Java EE study guide (exam 310-051) /
Statement of responsibility, etc by Paul R. Allen [and] Joseph J. Bambara
246 30 - VARYING FORM OF TITLE
Title proper/short title Sun certified enterprise architect for Java EE study guide (exam 310-051)
260 ## - PUBLICATION, DISTRIBUTION, ETC. (IMPRINT)
Place of publication, distribution, etc New Delhi
Name of publisher, distributor, etc Tata McGraw Hill
Date of publication, distribution, etc 2012
270 ## - ADDRESS
Address 7 West Patel Nagar
City New Delhi
Postal code 110008
300 ## - PHYSICAL DESCRIPTION
Extent xxvii, 643p. :
Other physical details ill.
Dimensions 24cm(pbk)
Accompanying material 1CD-ROM
500 ## - GENERAL NOTE
General note Rev. ed. of: Sun certified enterprise architect for J2EE study guide (exam 310-051) / Paul Allen, Joseph Bambara. 2003.
500 ## - GENERAL NOTE
General note Includes index
650 #0 - SUBJECT ADDED ENTRY--TOPICAL TERM
Topical term or geographic name as entry element Electronic data processing personnel
General subdivision Certification.
9 (RLIN) 53841
650 #0 - SUBJECT ADDED ENTRY--TOPICAL TERM
Topical term or geographic name as entry element Java (Computer program language)
General subdivision Examinations
Form subdivision Study guides.
9 (RLIN) 53842
650 #0 - SUBJECT ADDED ENTRY--TOPICAL TERM
Topical term or geographic name as entry element Business enterprises
General subdivision Computer networks
-- Examinations
Form subdivision Study guides.
9 (RLIN) 53843
700 1# - ADDED ENTRY--PERSONAL NAME
Personal name Bambara, Joseph J.
9 (RLIN) 53844
700 1# - ADDED ENTRY--PERSONAL NAME
Personal name Allen, Paul R.
Title of a work Sun certified enterprise architect for J2EE study guide (exam 310-051)
9 (RLIN) 53845
856 42 - ELECTRONIC LOCATION AND ACCESS
Materials specified Publisher description
Uniform Resource Identifier <a href="http://www.loc.gov/catdir/enhancements/fy0729/2007024936-d.html">http://www.loc.gov/catdir/enhancements/fy0729/2007024936-d.html</a>
856 41 - ELECTRONIC LOCATION AND ACCESS
Materials specified Table of contents only
Uniform Resource Identifier <a href="http://www.loc.gov/catdir/enhancements/fy0729/2007024936-t.html">http://www.loc.gov/catdir/enhancements/fy0729/2007024936-t.html</a>
856 42 - ELECTRONIC LOCATION AND ACCESS
Materials specified Contributor biographical information
Uniform Resource Identifier <a href="http://www.loc.gov/catdir/enhancements/fy0729/2007024936-b.html">http://www.loc.gov/catdir/enhancements/fy0729/2007024936-b.html</a>
942 ## - ADDED ENTRY ELEMENTS (KOHA)
Source of classification or shelving scheme Dewey Decimal Classification
Item type English Books
Classification part 005.133
Call number suffix ALL
Holdings
Withdrawn status Lost status Source of classification or shelving scheme Damaged status Not for loan Collection code Home library Current library Date acquired Source of acquisition Cost, normal purchase price Total Checkouts Full call number Barcode Date last seen Copy number Cost, replacement price Koha item type
    Dewey Decimal Classification   Not For Loan Non-fiction D.B.Act.Division D.B.Act.Division 27/11/2012 DBAD/PUB 595.00   005.133 ALL EN-89757 27/11/2012 1 595.00 English Books

© Delhi Public Library
Hit Counter
free hit counter